| 000 | 00530nam a22001697a 4500 | ||
|---|---|---|---|
| 008 | 150408b xxu||||| |||| 00| 0 eng d | ||
| 020 | _a98467522 | ||
| 050 | _aLB1739.U58C735 | ||
| 100 |
_aUNISA _916957 |
||
| 245 |
_aCommunity psychology: _bre: imagining community _c/by UNISA |
||
| 260 |
_aPretoria _bUniversity of South Africa _c2009 |
||
| 300 |
_a82p. ; _c30cm. |
||
| 650 |
_aTeacher training _xManuals _916958 |
||
| 650 |
_aPsychology, Social _916976 |
||
| 700 |
_aFourie, M.E. [et al.] _916977 |
||
| 942 |
_2lcc _cMONOGRAPH |
||
| 999 |
_c122594 _d122594 |
||